Science Quiz

Random Science or Sporcle Quiz

Arithmetic Picture Click Quiz Stats

 Plays Quiz Updated Feb 8, 2018

Score 0/44 Timer 05:00
4 Plays Today
% Correct
70.4%
70.1%
69.8%
69.7%
69.6%
69.1%
69.1%
68.9%
68.8%
68.8%
68.6%
68.5%
68.5%
68.3%
68.3%
67.5%
67.4%
67.3%
67.1%
67.1%
66.9%
66.5%
% Correct
66.4%
66.4%
66.4%
66.3%
66.1%
65.9%
65.7%
65.5%
65%
64.7%
64.4%
64.4%
63.9%
63.6%
63.5%
63.4%
63%
62.9%
62.2%
61.8%
61%
58.9%

You're not logged in!

Compare scores with friends on all Sporcle quizzes.
OR
Log In

Show Comments

Extras

Top Quizzes Today


Score Distribution

Your Account Isn't Verified!

In order to create a playlist on Sporcle, you need to verify the email address you used during registration. Go to your Sporcle Settings to finish the process.

Report this User

Report this user for behavior that violates our Community Guidelines.

Details: